Countries With Certain Designs - Statistics

General Stats
  • This quiz has been taken 21 times
  • The average score is 7 of 10
Answer Stats
Hint Answer % Correct
A flag with an abnormal shape (not a standard, rectangular shaped flag). Nepal
100%
Flag(s) which includes writing in its design. Brazil, Saudi Arabia, Iraq, Iran, Afghanistan
86%
Which flag is known for including its Druk, or Thunder Dragon? Bhutan
79%
Flag(s) with illustrations of theirborder/shape on a map included in the design. Cyprus, Kosovo
79%
Oceanic flag(s) with an animal on it, specifically a type of bird. Kiribati and Papua New Guinea (P.N.G.)
71%
What Caribbean flag has a rising sun featured in its design? Antigua and Barbuda
64%
A simplistic flag containing a solid yellow circle, resembling a moon. Palau
64%
African flag(s) with no red, yellow, or green shown. Botswana, Somalia
50%
Which flag has a similar appearance to Lithuania, however has a white star in the middle? Myanmar (previously Burma)
43%
A flag with a depiction of a sun, mainly referred to the "Sun of Liberty". North Macedonia
21%
No matching quizzes found
Score Distribution
Percent of People with Each Score
Percentile by Number Answered
Your Score History
You have not taken this quiz